[Event "Venice Autumn op-A 10th"]
[Site "Venice"]
[Date "2004.10.30"]
[Round "2"]
[White "Bonafede, Alessandro"]
[Black "Gonzales, Guillermo"]
[Result "1-0"]
[WhiteElo "2103"]
[BlackElo "1976"]
[PlyCount "127"]
[EventDate "2004.10.29"]
[EventType "swiss"]
[EventRounds "6"]
[EventCountry "ITA"]
[SourceTitle "EXT 2005"]
[Source "ChessBase"]
[SourceDate "2004.11.15"]
[SourceVersion "1"]
[SourceVersionDate "2004.11.15"]
[SourceQuality "1"]

1. e4 c5 2. Nf3 d6 3. d4 cxd4 4. Nxd4 Nf6 5. Nc3 a6 6. Bc4 e6 7. Bb3 b5 8. Bg5 Be7 9. 0-0 b4 10. Na4 0-0 11. c3 bxc3 12. Nxc3 Bb7 13. Qe2 Nxe4 14. Nxe4 Bxg5 15. Bxe6 fxe6 16. Nxe6 Qe7 17. N4xg5 h6 18. Nh3 Nd7 19. Rae1 Rf5 20. f4 Nc5 21. Nxc5 Qxe2 22. Rxe2 Rxc5 23. Rd1 Rd8 24. Red2 Rb5 25. b3 d5 26. Nf2 a5 27. Nd3 d4 28. Ne5 g5 29. Rxd4 Rxd4 30. Rxd4 gxf4 31. Nc4 f3 32. Nd6 Rg5 33. Nxb7 Rxg2+ 34. Kf1 Rxa2 35. h4 Ra3 36. Nc5 Ra2 37. Rf4 Rc2 38. Nb7 Rc1+ 39. Kf2 Rc2+ 40. Kg3 Rg2+ 41. Kxf3 Ra2 42. Ra4 Rh2 43. Nxa5 Rh3+ 44. Kg4 Rd3 45. Rf4 Rd5 46. Nc4 h5+ 47. Kg3 Rd3+ 48. Rf3 Rd4 49. Ne5 Re4 50. Nd7 Kg7 51. Nf6 Re5 52. Nd7 Re4 53. Nc5 Rg4+ 54. Kh3 Rb4 55. Rc3 Kg6 56. Rc4 Rb8 57. b4 Kf7 58. Na6 Rd8 59. b5 Rd3+ 60. Kg2 Rb3 61. Rb4 Ra3 62. b6 Ra2+ 63. Kg3 Ra3+ 64. Kf4 1-0

[Event "Treviso op-B 25th"]
[Site "Treviso"]
[Date "2001.12.09"]
[Round "5.10"]
[White "Reginato, Mauro"]
[Black "Gonzales, Guillermo"]
[Result "0-1"]
[WhiteElo "1600"]
[BlackElo "1674"]
[PlyCount "20"]
[EventDate "2001.12.07"]
[EventType "swiss"]
[EventRounds "5"]
[EventCountry "ITA"]
[SourceTitle "EXT 2024"]
[Source "ChessBase"]
[SourceDate "2023.10.10"]
[SourceVersion "1"]
[SourceVersionDate "2023.10.10"]
[SourceQuality "1"]

1. d4 d5 2. c4 Nc6 3. e3 e5 4. dxe5 d4 5. exd4 Nxd4 6. Bd3 Bc5 7. Ne2 Bg4 8. h3 Qh4 9. g3 Nf3+ 10. Kf1 Qxh3+ 0-1

[Event "Graticolato op-B U1700 8th"]
[Site "Santa Maria di Sala"]
[Date "2000.11.25"]
[Round "4.5"]
[White "Gonzales, Guillermo"]
[Black "Calzavara, Andrea"]
[Result "1-0"]
[WhiteElo "1566"]
[BlackElo "1500"]
[PlyCount "51"]
[EventDate "2000.11.18"]
[EventType "swiss"]
[EventRounds "6"]
[EventCountry "ITA"]
[SourceTitle "EXT 2023"]
[Source "ChessBase"]
[SourceDate "2022.10.05"]
[SourceVersion "1"]
[SourceVersionDate "2022.10.05"]
[SourceQuality "1"]

1. e4 g6 2. d4 Bg7 3. Be3 d6 4. Nc3 Nc6 5. Qd2 e5 6. d5 Nce7 7. g3 f5 8. Bg2 Nf6 9. exf5 Nxf5 10. Bg5 Nd4 11. Nge2 c5 12. dxc6 Nxc6 13. 0-0-0 h6 14. Bxf6 Qxf6 15. Qxd6 Qxd6 16. Rxd6 0-0 17. Rf1 Bf5 18. Ne4 Rac8 19. N2c3 Rf7 20. Nc5 Nd4 21. Nxb7 Nxc2 22. Bd5 Rcc7 23. Rd8+ Bf8 24. Bxf7+ Kxf7 25. Nd6+ Ke7 26. Re8+ 1-0

[Event "Graticolato op-B U1700 8th"]
[Site "Santa Maria di Sala"]
[Date "2000.11.19"]
[Round "3.2"]
[White "Battiston, Alan Doris"]
[Black "Gonzales, Guillermo"]
[Result "1-0"]
[WhiteElo "1626"]
[BlackElo "1566"]
[PlyCount "93"]
[EventDate "2000.11.18"]
[EventType "swiss"]
[EventRounds "6"]
[EventCountry "ITA"]
[SourceTitle "EXT 2023"]
[Source "ChessBase"]
[SourceDate "2022.10.05"]
[SourceVersion "1"]
[SourceVersionDate "2022.10.05"]
[SourceQuality "1"]

1. f4 f5 2. Nf3 Nf6 3. e3 b6 4. b3 Bb7 5. Bb2 g6 6. c4 Bg7 7. Nc3 0-0 8. Be2 d6 9. 0-0 Ne4 10. Qc2 e5 11. Nxe4 fxe4 12. Ng5 Qe7 13. Nxe4 Nd7 14. fxe5 Nxe5 15. Nc3 Qe6 16. e4 Rae8 17. Nd5 Qd7 18. d3 c6 19. Nc3 Ng4 20. Bxg4 Bd4+ 21. Kh1 Qxg4 22. Ne2 Rf2 23. Rxf2 Bxf2 24. Rf1 Bh4 25. Ng1 Qe6 26. Qc3 Qe5 27. Qd2 Qe7 28. Bd4 Bg5 29. Qb2 Rf8 30. Rxf8+ Kxf8 31. Qf2+ Qf7 32. Qg3 Qf4 33. Qxf4+ Bxf4 34. Nf3 Bc8 35. g3 Bg4 36. Kg2 Bh6 37. h3 Bc8 38. g4 Bf4 39. Bf2 Ke7 40. Bg3 Be3 41. a4 Bb7 42. Bh4+ Ke6 43. Bf2 Bf4 44. a5 d5 45. axb6 axb6 46. Bxb6 dxe4 47. dxe4 1-0

[Event "Venice Salvioli op"]
[Site "Venice Sanudo"]
[Date "2000.02.27"]
[Round "3.7"]
[White "Gonzales, Guillermo"]
[Black "Marson, Luca"]
[Result "0-1"]
[WhiteElo "1512"]
[BlackElo "1651"]
[PlyCount "97"]
[EventDate "2000.02.26"]
[EventType "swiss"]
[EventRounds "6"]
[EventCountry "ITA"]
[SourceTitle "EXT 2023"]
[Source "ChessBase"]
[SourceDate "2022.10.05"]
[SourceVersion "1"]
[SourceVersionDate "2022.10.05"]
[SourceQuality "1"]

1. e4 c5 2. Nc3 Nc6 3. g3 e6 4. Bg2 Nf6 5. d3 Be7 6. f4 d5 7. e5 Nd7 8. Nh3 Nd4 9. 0-0 h5 10. Ne2 Nf5 11. c3 Nb6 12. Bd2 Bd7 13. Qc2 Qc7 14. Rfc1 Rc8 15. a4 Bc6 16. a5 Nd7 17. d4 Bb5 18. Qd1 b6 19. axb6 axb6 20. dxc5 bxc5 21. c4 Bxc4 22. Rxc4 dxc4 23. Ba5 Nb6 24. Qa4+ Nxa4 25. Bxc7 Rxc7 26. Rxa4 0-0 27. Bf3 g6 28. Nc3 Rb8 29. Rxc4 Rxb2 30. Nd1 Rb4 31. Rc1 c4 32. Kf1 Ra4 33. Nhf2 Ra2 34. Nc3 Rb2 35. Nce4 Kg7 36. Kg2 Ne3+ 37. Kh3 Nf5 38. Kg2 Ne3+ 39. Kh3 Bc5 40. Nxc5 Rxc5 41. Ne4 Rd5 42. Re1 Rd3 43. Be2 Ra3 44. Bf1 Ng4 45. Kh4 Rxh2+ 46. Kg5 c3 47. Rc1 c2 48. Bd3 Rxd3 49. Nc5 0-1

[Event "Venice Salvioli op"]
[Site "Venice Sanudo"]
[Date "2000.02.27"]
[Round "2.10"]
[White "Menin, Massimo"]
[Black "Gonzales, Guillermo"]
[Result "0-1"]
[WhiteElo "1300"]
[BlackElo "1512"]
[PlyCount "58"]
[EventDate "2000.02.26"]
[EventType "swiss"]
[EventRounds "6"]
[EventCountry "ITA"]
[SourceTitle "EXT 2023"]
[Source "ChessBase"]
[SourceDate "2022.10.05"]
[SourceVersion "1"]
[SourceVersionDate "2022.10.05"]
[SourceQuality "1"]

1. d4 f5 2. c4 Nf6 3. Nc3 g6 4. Bf4 Bg7 5. e3 0-0 6. Nf3 d6 7. Bg5 c6 8. Bd3 Qe8 9. 0-0 e5 10. Bxf6 Rxf6 11. e4 f4 12. h3 g5 13. Nxg5 Qg6 14. h4 h6 15. Qf3 hxg5 16. hxg5 Qxg5 17. Be2 Rg6 18. d5 Bg4 19. Qxg4 Qxg4 20. Bxg4 Rxg4 21. f3 Rg6 22. dxc6 bxc6 23. Rfd1 Nd7 24. b4 Nb6 25. c5 Nc4 26. Rac1 Rd8 27. b5 Ne3 28. Rd3 Kf7 29. bxc6 Rxg2+ 0-1

[Event "Venice Salvioli op"]
[Site "Venice Sanudo"]
[Date "1999.02.27"]
[Round "1.5"]
[White "Gonzales, Guillermo"]
[Black "Litrico, Paolo"]
[Result "0-1"]
[WhiteElo "1476"]
[BlackElo "1549"]
[PlyCount "102"]
[EventDate "1999.02.28"]
[EventType "swiss"]
[EventRounds "6"]
[EventCountry "ITA"]
[SourceTitle "EXT 2023"]
[Source "ChessBase"]
[SourceDate "2022.10.05"]
[SourceVersion "1"]
[SourceVersionDate "2022.10.05"]
[SourceQuality "1"]

1. e4 c5 2. Nc3 Nc6 3. g3 e6 4. Bg2 Nf6 5. d3 d5 6. exd5 Nxd5 7. Ne4 Be7 8. Qg4 g6 9. c3 f5 10. Qh3 fxe4 11. Bxe4 Bf6 12. Bh6 Bd7 13. Ne2 Qe7 14. 0-0-0 0-0-0 15. Qg2 Qf7 16. Bd2 Rhe8 17. f4 Bh8 18. Rhf1 Nf6 19. Kb1 Nxe4 20. dxe4 Ne7 21. Qg1 b6 22. g4 Qg7 23. Ng3 Rf8 24. Rf2 Bb5 25. h4 Rd7 26. Qh1 Rfd8 27. Qe1 Ba4 28. b3 Bb5 29. Kb2 Nc6 30. e5 Ne7 31. Ne4 Ba6 32. Nd6+ Kb8 33. Be3 Nc8 34. Rfd2 Nxd6 35. Rxd6 Rxd6 36. Rxd6 Rxd6 37. exd6 Bb7 38. Bd2 Qd7 39. f5 gxf5 40. gxf5 exf5 41. Qg3 Bf6 42. h5 Be4 43. Bf4 Kb7 44. Be5 Bxe5 45. Qxe5 Kc6 46. Qh8 Kxd6 47. Qb8+ Kc6 48. Qa8+ Kb5 49. c4+ Ka5 50. Qg8 Qd2+ 51. Ka3 Qc1# 0-1